000 00692nam a2200193Ia 4500
003 IN-BaIIA
008 211028s9999 xx 000 0 eng d
020 _a3-7650-0088-4
040 _cIIA Library
080 _a083.8:523.8
_bAPP-88
110 _aInternational Astronomical Union
245 0 _aApparent places of fundamental stars 1988
_bfor 1535 stars from the fifth fundamental catalogue (FK5)
_cInternational Astronomical Union
260 _aHeidelberg
_bAstronomisches Rechen-Institut
_c1987
300 _axliv, 510p.
650 _aAstronomy and astrophysics thesaurus
650 _aCatalogue - Stars
_9966
650 _aStars - catalogue
_9967
942 _cBK
999 _c9306
_d9306